| 000 | 00822nam a2200241 a 4500 | ||
|---|---|---|---|
| 001 | 918 | ||
| 003 | BR-CuiBMT | ||
| 005 | 20231123000335.0 | ||
| 008 | 231122s2010 spba 000 0 por d | ||
| 020 | _a9788536116280 | ||
| 040 |
_aBR-CuiBMT _cBR-CuiBMT |
||
| 080 |
_22007 _a658.31.084.3 |
||
| 090 |
_a658.31.084.3 _bP814a _c11. ed. |
||
| 100 | 1 | _aPontes, Benedito Rodrigues | |
| 245 | 1 | 0 |
_aAvaliação de desempenho : _bmétodos clássicos e contemporâneos, avaliação por objetivos, competências e equipes / _cBenedito Rodrigues Pontes. |
| 250 | _a11. ed. | ||
| 260 |
_aSão Paulo : _bSaraiva, _c2010. |
||
| 300 |
_a230 p. : _bil. ; _c23 cm |
||
| 504 | _aInclui bibliografia. | ||
| 650 |
_aAvaliação de desempenho _vModelo |
||
| 650 |
_aAdministração de pessoal _xAvaliação de desempenho |
||
| 942 |
_2udc _cLV |
||
| 999 |
_c918 _d918 |
||